| 000 | 01437cam a22003134a 4500 | ||
|---|---|---|---|
| 001 | 15345441 | ||
| 005 | 20080908100711.0 | ||
| 008 | 080626s2008 ne a b 001 0 eng | ||
| 010 | _a 2008274553 | ||
| 020 | _a0750687657 | ||
| 020 | _a9780750687652 | ||
| 040 |
_aDLC _cDLC _dDLC |
||
| 050 | 0 | 0 |
_aTA654 _b.M3788 2008 |
| 082 | 0 | 0 |
_a624.171 _222 _bMAY |
| 100 | 1 |
_aMaymon, Giora. _923179 |
|
| 245 | 1 | 0 |
_aStructural Dynamics and Probabilistic Analyses for Engineers / _cGiora Maymon. |
| 260 |
_aAmsterdam ; _aBoston : _bElsevier Butterworth-Heinemann, 2008 _cc2008. |
||
| 300 |
_axxxiii, 440 p. : _bill. ; _c24 cm. + _e1 CD-ROM (4 3/4 in.) |
||
| 504 | _aIncludes bibliographical references (p. 420-426) and index. | ||
| 650 | 0 |
_aStructural dynamics. _923180 |
|
| 650 | 0 |
_aStructural analysis (Engineering) _923181 |
|
| 650 | 0 |
_aProbabilities. _923182 |
|
| 856 | 4 | 1 |
_3Table of contents _uhttp://www.loc.gov/catdir/toc/fy0804/2008274553.html |
| 856 | 4 | 2 |
_3Publisher description _uhttp://www.loc.gov/catdir/enhancements/fy0838/2008274553-d.html |
| 942 |
_2ddc _cBB |
||
| 999 |
_c15143 _d15143 |
||